000 01238nac a22002891u 4500
010 _a 2001059324
020 _a0335206263
020 _a0335206255 (pbk.)
082 0 0 _a364.630941
_bRAY
090 _c8547
_d8547
100 _aRaynor, Peter.
245 1 0 _aUnderstanding community penalties : probation, policy, and social change /
_bprobation, policy, and social change /
_cPeter Raynor and Maurice Vanstone.
260 _aPhildelphia, Pa. :
_bOpen University,2002.
_c2002.
300 _aix, 144p.
_c24 cm.
490 1 _aCrime and justice
500 _aDistributer: Al-Ahram
504 _aIncludes bibliographical references and index.
511 _aCatalogued by: Sara
650 0 _aProbation
_zGreat Britain.
650 0 _aCommunity-based corrections
_zGreat Britain.
700 1 _aVanstone, Maurice.
830 0 _aCrime and justice (Buckingham, England)
856 4 2 _3Publisher description
_uhttp://www.loc.gov/catdir/description/mh051/2001059324.html
856 4 2 _3Contributor biographical information
_uhttp://www.loc.gov/catdir/bios/mh051/2001059324.html
856 4 2 _3Table of contents
_uhttp://www.loc.gov/catdir/toc/mh051/2001059324.html
942 _cBB
_k364.630941RAY
999 _c8547
_d8547